00247nam a2200085Ia 4500008004100000100001400041245007600055260002100131260000900152170620s9999 xx 000 0 und d aN.C.E.R.T 0aSeventh All India School Education Survey(7th AISES)- Incentive Schemes bNew Delhi- NCERT c2007